Κατάλογος Βιβλιοθηκών Mediterranean College

Socialist Register 2006 / Telling the Truth (Record no. 5279)

MARC details
000 -LEADER
fixed length control field 01163cam a22002054a 4500
005 - ΗΜΕΡΟΜΗΝΙΑ ΚΑΙ ΩΡΑ ΤΕΛΕΥΤΑΙΑΣ ΕΝΗΜΕΡΩΣΗΣ
Πεδίο ελέγχου 20250605164208.0
008 - FIXED-LENGTH DATA ELEMENTS--GENERAL INFORMATION
Πεδίο ελέγχου σταθερού μήκους 250528s ||||||||||||||||||||||||d
035 ## - SYSTEM CONTROL NUMBER
System control number 20140
020 ## - ISBN
ISBN 9604490699
040 ## - ΠΗΓΗ ΚΑΤΑΛΟΓΟΓΡΑΦΗΣΗΣ
Φορέας πρωτότυπης καταλογογράφησης MC Athens Campus Library
Γλώσσα καταλογογράφησης Ελληνικά, Μοντέρνα (1453-)
Modifying agency MC Athens Campus Library
Κανόνες περιγραφικής καταλογογράφησης AACR2
245 1# - ΤΙΤΛΟΣ ΚΑΙ ΔΗΛΩΣΗ ΥΠΕΥΘΥΝΟΤΗΤΑΣ
Τίτλος Socialist Register 2006 / Telling the Truth
260 ## - PUBLICATION, DISTRIBUTION, ETC.
Name of publisher, distributor, etc. Savalas Publications,
Date of publication, distribution, etc. 2006
300 ## - PHYSICAL DESCRIPTION
Extent 336
520 ## - SUMMARY, ETC.
Summary, etc. Contributors, Preface, The Cynical State, The Truth about Capitalism Democracy, The ''Business Community'', The Truth about Welfare Reform, The ''Scholarly Myths'' of the New Law and Order Doxa, Telling the Truth at a Moment of Truth: US News Media and the Invasion and Occupation of Iraq,Propaganda-Managed Democracy: The UK and the Lessons of Iraq, Correcting Stiglitz: From Information to Power in the World of Development, Counting the Poor: The Truth about world poverty statistics, Playing with Truth: The Politics of Theatre, Postmodernism and the corruption of the Academic Intelligentsia, Telling the Truth about Class, On Telling the Truth, Index.
700 1# - ΠΡΟΣΘΕΤΗ ΑΝΑΓΡΑΦΗ--ΦΥΣΙΚΟ ΠΡΟΣΩΠΟ
Personal name Leys Colin
9 (RLIN) 6190
700 1# - ΠΡΟΣΘΕΤΗ ΑΝΑΓΡΑΦΗ--ΦΥΣΙΚΟ ΠΡΟΣΩΠΟ
Personal name Panitch Leo
9 (RLIN) 5049
942 ## - ADDED ENTRY ELEMENTS (KOHA)
Koha item type Books
Holdings
Τύπος τεκμηρίου Βιβλιοθήκη Τρέχουσα τοποθεσία Barcode Αριθμός εισαγωγής Ημερομηνία απόκτησης Ταξιθετικό σύμβολο Αριθμός αντιτύπου Κατάσταση απόσυρσης Κατάσταση χαμένου Κατάσταση κατεστραμμένου Μη δανεισμός Σύνολο δανεισμών Ημερομηνία τελευταίας εμφάνισης Η τιμή ισχύει από
Books MC Athens Campus Library MC Athens Campus Library 9780000052780 6373 05/06/2025 335.005 PAN 1           05/06/2025 05/06/2025

MC Athens Campus Library
Πατησίων 94 & Κοδριγκτώνος 13, 104 34
Πελλήνης 8 & Πατησίων 107, 112 51
Τ: +30 210 8899600

MC Thessaloniki Campus Library
Ίωνος Δραγούμη 21, 54625 | Ίωνος Δραγούμη 15, 54625
Τ: +30 2310 287779 – Τ: +30 2314 440300